Statistics for Things You Wear in Song Titles

Click here to take the quiz!

General Stats

  • This quiz has been taken 39 times
  • The average score is 14 of 25

Answer Stats

Artist Year Hint Answer % Correct
Bryan Hyland1960Itsy Bitsy Teenie Weenie Yellow Polka Dot ______Bikini
100%
Carl Perkins1956Blue Suede _____Shoes
100%
Nancy Sinatra1966These _____ Are Made For Walkin'Boots
93%
Prince1985Raspberry _____Beret
86%
Bob Dylan1966Leopard-Skin Pill-Box ___Hat
86%
Mitch Ryder & the Detroit Wheels1966Devil With a Blue _____Dress
82%
Judy Garland1948Easter Parade ( In Your Easter _____)Bonnet
79%
Scott McKenzie1967San Francisco (Be Sure To Wear _______ In Your Hair)Flowers
79%
Neil Diamond1978Forever In ____ _____Blue Jeans
71%
Gary Lewis & the Playboys1965This Diamond ____Ring
68%
Justin Timberlake2013____ and TieSuit
64%
Jamrs Brown1971Hot _____Pants
64%
Sisqo1999_____ SongThong
57%
ZZ Top1981Pearl ________Necklace
57%
Corey Hart1984__________ At NightSunglasses
50%
The Royal Teens1957(Who Wears) _____ ______Short Shorts
50%
Fred Astaire1935Top Hat, White ___, and TailsTie
46%
Marty Robbins1957A White _____ ____ And A Pink CarnationSport Coat
46%
Amy Winehouse2003F*** Me _____Pumps
25%
Derek & the Dominoes1971____ ______ BluesBell Bottom
21%
Red Hot Chili Peppers1999This Velvet _____Glove
21%
The Neighbourhood2013_______ WeatherSweater
21%
The Andrew Sisters1944Dance With a Dolly (With a Hole in Her ________)Stocking
18%
The Smiths1986Vicar In a ____Tutu
11%
Justin Bieber2013Yellow ________Raincoat
11%

Score Distribution

Percentile by Number Answered

Percent of People with Each Score

Your Score History

You have not taken this quiz